000 00726cam a2200229 a 4500
001 12031191
005 20180313054812.0
008 000605s2001 maua b 001 0 eng
010 _a 00042709
020 _a0072350849
040 _aDLC
_cDLC
_dDLC
041 _aeng
080 _a332.024 KAP
082 0 0 _a332.024 KAP
_221
100 1 _a56
101 _aFIN
245 1 0 _aPersonal finance /
_cJack R. Kapoor, Les R. Dlabay, Robert J. Hughes.
504 _aIncludes bibliographical references (p. 659-661) and index.
906 _a7
_bcbc
_corignew
_d1
_eocip
_f20
_gy-gencatlg
942 _2ddc
_cBK
999 _c44874
_d44874